000
00288nam a2200121Ia 4500
008
191201s2010 xx 000 0 und d
100
_a
HUSAIN, Ashfaq
245
0
_a
Electric Machines
260
_a
N. delhi
_b
Dhanpat Rai
_c
2010
300
_a
misc
650
_a
B.Tech(ECE)
942
_2
ddc
_c
BK
999
_c
6352
_d
6352